000 00318nam a2200145Ia 4500
100 _aOne India one people
650 _aGeneral
942 _cBK
654 _aindians
245 _aGreat Indians
260 _bOne India one people
_aMumbai
_c2006
082 _a351.812/ONE
_bONE
300 _a594
546 _aENGLISH
999 _c25065
_d25065